मेरी जिन्दगी के स्वप्न और सत्य: (Record no. 48034)

MARC details
000 -LEADER
fixed length control field 01452nam a22002777a 4500
005 - DATE AND TIME OF LATEST TRANSACTION
control field 20100930112516.0
008 - FIXED-LENGTH DATA ELEMENTS--GENERAL INFORMATION
fixed length control field 100928t xxu||||| |||| 00| 0 hin d
010 ## - LCCN (DPL NO)
LC control number HIN-89558
020 ## - INTERNATIONAL STANDARD BOOK NUMBER
Terms of availability 400.00
International Standard Book Number 9789380327341
035 ## - SYSTEM CONTROL NUMBER
System control number HN-61904
037 ## - SOURCE OF ACQUISITION
Source of stock number/acquisition DBAD / PUB
040 ## - CATALOGING SOURCE
Original cataloging agency DPL
Language of cataloging HN
082 ## - DEWEY DECIMAL CLASSIFICATION NUMBER
Classification number 920
100 ## - MAIN ENTRY--PERSONAL NAME
9 (RLIN) 22145
Personal name गोएथे, जॉन वोल्फ गैंग
245 ## - TITLE STATEMENT
Title मेरी जिन्दगी के स्वप्न और सत्य:
Statement of responsibility, etc जॉन वोल्फ गैंग गोएथे; नवोदिता शर्मा द्वारा अनुवादित
Remainder of title जॉन वोल्फ गैंग गोएथे की विख्यात आत्मकथा /
246 ## - VARYING FORM OF TITLE
Title proper/short title Meri jindagi ke swapna or satya
Remainder of title by Johann Wolfgang Von Goethe; Translated by Navodita Sharma
260 ## - PUBLICATION, DISTRIBUTION, ETC. (IMPRINT)
Place of publication, distribution, etc मेरठ (उ.प्र.)
Name of publisher, distributor, etc संवाद प्रकाशन
Date of publication, distribution, etc 2009
270 ## - ADDRESS
Address आई-499, शास्त्रीनगर
City मेरठ (उ.प्र.)
Postal code 250004
300 ## - PHYSICAL DESCRIPTION
Extent 238पृ.
Dimensions 22सेमी (सजिल्द)
650 ## - SUBJECT ADDED ENTRY--TOPICAL TERM
9 (RLIN) 1169
Topical term or geographic name as entry element जीवनी
650 ## - SUBJECT ADDED ENTRY--TOPICAL TERM
9 (RLIN) 22409
Topical term or geographic name as entry element Biography
700 ## - ADDED ENTRY--PERSONAL NAME
9 (RLIN) 22273
Personal name शर्मा, नवोदिता
700 ## - ADDED ENTRY--PERSONAL NAME
9 (RLIN) 22352
942 ## - ADDED ENTRY ELEMENTS (KOHA)
Source of classification or shelving scheme Dewey Decimal Classification
Item type Hindi Books
Classification part 920
Call number suffix गोएथे
Holdings
Withdrawn status Lost status Source of classification or shelving scheme Damaged status Not for loan Collection code Home library Current library Date acquired Source of acquisition Cost, normal purchase price Total Checkouts Full call number Barcode Date last seen Copy number Cost, replacement price Koha item type
    Dewey Decimal Classification   Not For Loan Non-fiction D.B.Act.Division D.B.Act.Division 30/09/2010 DBAD / PUB 400.00   920 गोएथे HN-61904 30/09/2010 1 400.00 Hindi Books

© Delhi Public Library
Hit Counter
free hit counter